Vista normal Vista MARC

Entrada Materia (personas)

Número de registros utilizados en: 2

001 - CONTROL NUMBER

  • control field: 127233

003 - CONTROL NUMBER IDENTIFIER

  • control field: Co-BoUCM

005 - DATE AND TIME OF LATEST TRANSACTION

  • control field: 20211020103851.0

008 - FIXED-LENGTH DATA ELEMENTS

  • fixed length control field: 211020|| aca||aabn | a|a d

040 ## - CATALOGING SOURCE

  • Original cataloging agency: Co-BoUCM
  • Transcribing agency: Co-BoUCM

100 ## - HEADING--PERSONAL NAME

  • Personal name: Coffey, Amanda
  • Dates associated with a name: 1967-

670 ## - SOURCE DATA FOUND

  • Source citation: Work cat.: (Co-BoUCM)37390: Atkinson, Paul 1947- 127232, Key themes in qualitative research continuities and changes, 2003